Физико-химические свойства нефтей и их фракций: справочное пособие

Podrobná bibliografie
Korporativní autor: Самарский государственный технический университет (СамГТУ)
Další autoři: Власов В. Г. Вячеслав Григорьевич (редактор)
Shrnutí:Содержатся сведения о физико-химических свойствах 43 нефтей и их фракций. Предназначено для студентов дневного, заочного и дистанционного обучения химико-технологического факультета по специальности «Химическая технология природных энергоносителей и углеродных материалов», инженерно-экономического факультета по специальности «Экономика и управление на предприятиях топливно-энергетического комплекса» и нефтетехнологического факультета по специальности «Оборудование нефтегазопереработки». Справочник необходим при выполнении студентами перечисленных специальностей курсовых работ и проектов по проектированию установок подготовки и первичной переработки нефтей ЭЛОУ-АВТ и нефтеперерабатывающих заводов.
Jazyk:ruština
Vydáno: Самара, Изд-во Самарского ГТУ, 2008
Témata:
Médium: MixedMaterials Kniha
KOHA link:https://koha.lib.tpu.ru/cgi-bin/koha/opac-detail.pl?biblionumber=161282

MARC

LEADER 00000nam0a2200000 4500
001 161282
005 20231101222237.0
010 |a 9785796410684  |b 100 экз. 
021 |a RU  |b 08-105695  |9 08-6234 
035 |a (RuTPU)RU\TPU\book\174895 
090 |a 161282 
100 |a 20090605d2008 km y0rusy5002 ca 
101 0 |a rus 
102 |a RU 
105 |a y g 001zy 
200 1 |a Физико-химические свойства нефтей и их фракций  |e справочное пособие  |f Самарский государственный технический университет (СамГТУ) ; под ред. В. Г. Власова 
210 |a Самара  |c Изд-во Самарского ГТУ  |d 2008 
215 |a 284 с.  |d 20 см. 
320 |a Библиогр.: с. 282. 
330 |a Содержатся сведения о физико-химических свойствах 43 нефтей и их фракций. Предназначено для студентов дневного, заочного и дистанционного обучения химико-технологического факультета по специальности «Химическая технология природных энергоносителей и углеродных материалов», инженерно-экономического факультета по специальности «Экономика и управление на предприятиях топливно-энергетического комплекса» и нефтетехнологического факультета по специальности «Оборудование нефтегазопереработки». Справочник необходим при выполнении студентами перечисленных специальностей курсовых работ и проектов по проектированию установок подготовки и первичной переработки нефтей ЭЛОУ-АВТ и нефтеперерабатывающих заводов. 
606 1 |a Нефть сырая  |x Физико-химические свойства  |2 stltpush  |3 (RuTPU)RU\TPU\subj\33798  |9 55933 
610 1 |a химическая технология 
610 1 |a нефтяные фракции 
610 1 |a курсовые работы 
610 1 |a учебные пособия 
675 |a 665.61(035)  |v 3  |z rus 
702 1 |a Власов  |b В. Г.  |g Вячеслав Григорьевич  |4 340 
712 0 2 |a Самарский государственный технический университет (СамГТУ)  |2 stltpush  |3 (RuTPU)RU\TPU\col\432 
801 0 |a RU  |b 63413507  |c 20090224  |g PSBO 
801 1 |a RU  |b 63413507  |c 20090605  |g PSBO 
801 2 |a RU  |b 63413507  |c 20141217  |g PSBO 
830 |a <b><br />&nbsp;&nbsp;&nbsp;&nbsp;<b>Физико-химические свойства нефтей и их фракций</b> : справ. пособие / Федер. агентство по образованию, Самар. гос. техн. ун-т; [Власов В. Г.]; под ред. В. Г. Власова. - Самара : СамГТУ, 2008. - 281, [2] с.; 20 см. - Библиогр.: с. 282. - 100 экз. - ISBN 978-5-7964-1068-4. - [08-105695]<br />&nbsp;&nbsp;&nbsp;&nbsp;- - 1. Нефть - Физико-химические свойства - Справочники учебные. </p><p style='text-align:right'>УДК 665.6(075.8) <br />ББК 35.514я73 </p> 
900 |a Физико-химические методы исследования материалов, реагентов и углеводородных систем 
942 |c BK